00000000nam 2200000zi 4500
0019.947256
003CaOODSP
00520250122124537
006m     o  d f      
007cr mn|||||||||
008250122e197105  oncd    obs  f000 0 fre d
040 |aCaOODSP|bfre|erda|cCaOODSP
043 |an-cn---
0861 |aId35-5/1971F-PDF
24502|aL'industrie laitiè€re du Canada.
264 1|aOttawa : |bMinistère de l'Industrie et du Commerce, |cmai 1971.
300 |a1 ressource en ligne (42 pages) : |bgraphique
336 |atexte|btxt|2rdacontent/fre
337 |ainformatique|bc|2rdamedia/fre
338 |aressource en ligne|bcr|2rdacarrier/fre
500 |aÉdition numérisée de l'imprimé [par Innovation, sciences et développement économique Canada].
500 |aPublié aussi en anglais sous le titre : The Canadian dairy industry.
504 |aComprend des références bibliographiques.
650 6|aIndustrie laitière|zCanada|vStatistiques.
655 7|aStatistiques|2rvmgf
7101 |aCanada. |bMinistère de l'industrie et du commerce, |eorganisme de publication.
77508|tThe Canadian dairy industry.|w(CaOODSP)9.933058
85640|qPDF|s956 Ko|uhttps://publications.gc.ca/collections/collection_2025/isde-ised/Id35-5-1971-fra.pdf